000 00564nam a2200229Ia 4500
003 OSt
005 20220924144530.0
006 a|||||r|||| 00| 0
007 ta
008 220923b |||||||| |||| 00| 0 urd d
024 _a315355
037 _cTextual
040 _aARTS
_cARTS
_burd
041 _2urd
_aurd
082 _aO168,1N41,1, L3
100 _aYusuf Nadeem
_9217800
245 0 _aNijat ke baad
260 _c1973
650 _aURDU POETRY
942 _hO168,1N41,1, L3
_cTEXL
_2CC
999 _c457347
_d457347